| 000 -LEADER |
| fixed length control field |
00699pam a2200205 a 4500 |
| 005 - DATE AND TIME OF LATEST TRANSACTION |
| control field |
20131028060325.0 |
| 008 - FIXED-LENGTH DATA ELEMENTS--GENERAL INFORMATION |
| fixed length control field |
920116s1992 ctu b 001 0 eng |
| 020 ## - INTERNATIONAL STANDARD BOOK NUMBER |
| International Standard Book Number |
0275943208 |
| 080 ## - UNIVERSAL DECIMAL CLASSIFICATION NUMBER |
| Universal Decimal Classification number |
323.1 |
| Common auxiliary subdivision |
(47) |
| 245 00 - TITLE STATEMENT |
| Title |
Nationalism and the breakup of an empire : |
| Statement of responsibility, etc |
edited by Miron Rezun. |
| 260 ## - |
| -- |
Westport, Conn. : |
| -- |
Praeger, |
| -- |
1992. |
| 300 ## - |
| -- |
x, 197 p. ; |
| -- |
24 cm. |
| 500 ## - |
| -- |
Preface : f.[IX] - X |
| 504 ## - BIBLIOGRAPHY, ETC. NOTE |
| Bibliography, etc |
Includes bibliographical references (p. [179]-183) and index. |
| 650 #0 - |
| -- |
Minoritetet |
| -- |
Unioni Sovjetik |
| 650 #0 - |
| -- |
Nacionalizmi |
| -- |
Unioni Sovjetik |
| 651 #0 - |
| -- |
Soviet Union |
| -- |
Marrëdhëniet etnike |
| 700 1# - |
| -- |
Rezun, Miron. |
| 942 ## - ADDED ENTRY ELEMENTS (KOHA) |
| Source of classification or shelving scheme |
|
| Item type |
Books |